书目信息 |
| 题名: |
复杂地表定量遥感模型与反演
|
|
| 作者: | 李增元 著 | |
| 分册: | ||
| 出版信息: | 北京 科学出版社 2019.05 |
|
| 页数: | 608页, [16] 页图版 | |
| 开本: | 26cm | |
| 丛书名: | 地球观测与导航技术丛书 | |
| 单 册: | ||
| 中图分类: | X87 | |
| 科图分类: | ||
| 主题词: | 环境遥感--huan jing yao gan--研究 | |
| 电子资源: | ||
| ISBN: | 978-7-03-059854-7 | |
| 000 | 01112nam 2200277 450 | |
| 001 | 0100010176 | |
| 005 | 20190905093951.0 | |
| 010 | @a978-7-03-059854-7@dCNY280.00 | |
| 100 | @a20190831d2019 em y0chiy50 ea | |
| 101 | 0 | @achi |
| 102 | @aCN@b110000 | |
| 105 | @aafk a 000yy | |
| 106 | @ar | |
| 200 | 1 | @a复杂地表定量遥感模型与反演@Afu za di biao ding liang yao gan mo xing yu fan yan@f李增元 ... 等著 |
| 210 | @a北京@c科学出版社@d2019.05 | |
| 215 | @a608页, [16] 页图版@c图@d26cm | |
| 225 | 2 | @a地球观测与导航技术丛书@Adi qiu guan ce yu dao hang ji shu cong shu |
| 300 | @a“十三五”国家重点出版物出版规划项目 | |
| 320 | @a有书目 | |
| 330 | @a本书围绕复杂地表空间异质性表征与遥感辐射散射机理、复杂地表遥感信息时空尺度扩展机理和复杂地表植被-土壤参数多模式遥感协同反演机制等三大复杂地表定量遥感科学问题, 内容包括: 复杂地表遥感辐散机理建模 ; 遥感信息空间尺度效应及尺度转换等。 | |
| 410 | 0 | @12001 @a地球观测与导航技术丛书 |
| 606 | 0 | @a环境遥感@Ahuan jing yao gan@x研究 |
| 690 | @aX87@v5 | |
| 701 | 0 | @a李增元@Ali zeng yuan@4著 |
| 801 | 0 | @aCN@c20190905 |
| 905 | @a河南城建学院图书馆@dX87@eL338 | |
| 复杂地表定量遥感模型与反演/李增元 ... 等著.-北京:科学出版社,2019.05 |
| 608页, [16] 页图版:图;26cm.-(地球观测与导航技术丛书) |
| “十三五”国家重点出版物出版规划项目 |
| ISBN 978-7-03-059854-7:CNY280.00 |
| 本书围绕复杂地表空间异质性表征与遥感辐射散射机理、复杂地表遥感信息时空尺度扩展机理和复杂地表植被-土壤参数多模式遥感协同反演机制等三大复杂地表定量遥感科学问题, 内容包括: 复杂地表遥感辐散机理建模 ; 遥感信息空间尺度效应及尺度转换等。 |
| ● |
| 相关链接 |
|
|
|
正题名:复杂地表定量遥感模型与反演
索取号:X87/L338
 
预约/预借
| 序号 | 登录号 | 条形码 | 馆藏地/架位号 | 状态 | 备注 |
| 1 | 1437671 | 214376717 | 自科库501/501自科库 118排2列1层/ [索取号:X87/L338] | 在馆 |